000 00334nam a2200133Ia 4500
005 20260328104304.0
008 260328s9999||||xx |||||||||||||| ||und||
100 _aKramer, Sibylle
245 0 _aColleges & Universities /
_cSibylle Kramer
260 _bBraun
300 _a269 p.
650 _aEDIFICACIONES ESCOLARES
942 _cBK
999 _c10682
_d10682